000 00600nam a2200205 i 4500
001 124373
003 ES-MaACL
005 20250930063118.0
007 t|
008 070322s1925 sp ||||1| spa d
080 _a523(022)
100 1 _aComas Solá, José,
_d1868-1937
_939952
245 1 0 _aAstronomía /
_coriginal de José Comas Solá.
260 _aBarcelona :
_bLabor,
_c1925.
300 _a174 p., 24 lám. y 4 map. :
_bil. ;
_c17 cm.
490 1 _aColección Labor ;
_v10
830 0 0 _aColección Labor
_v10
_9184254
852 _aES-MaACL
_jE-2560
999 _c124373
_d124373